Central Library OPAC University of Rajshahi

Human resource development / (Record no. 2563)

MARC details
000 -LEADER
fixed length control field 00884nam a22002657a 4500
001 - CONTROL NUMBER
control field 2563
003 - CONTROL NUMBER IDENTIFIER
rucl marc code BD-RjUL
005 - DATE AND TIME OF LATEST TRANSACTION
control field 20211208233600.0
008 - FIXED-LENGTH DATA ELEMENTS--GENERAL INFORMATION
fixed length control field 131212r20041991ii d | | 001 0 eng d
020 ## - INTERNATIONAL STANDARD BOOK NUMBER
International Standard Book Number 8176290793
035 ## - SYSTEM CONTROL NUMBER
System control number (BD-RjUL)2590
040 ## - CATALOGING SOURCE
Original cataloging agency BD-RjUL
Language of cataloging eng
Transcribing agency BD-RjUL
041 ## - LANGUAGE CODE
Language code of text/sound track or separate title eng
082 ## - DEWEY DECIMAL CLASSIFICATION NUMBER
Edition number 20
Classification number 331.120420954
Author mark and year HUM
245 ## - TITLE STATEMENT
Title Human resource development /
Statement of responsibility, etc. edited by P. P. Arya, B. B. Tadon.
250 ## - EDITION STATEMENT
Edition statement 3rd revised ed.
260 ## - PUBLICATION, DISTRIBUTION, ETC. (IMPRINT)
Place of publication, distribution, etc. New Delhi :
Name of publisher, distributor, etc. Deep publications PVT. Ltd.,
Date of publication, distribution, etc. c2004.
300 ## - PHYSICAL DESCRIPTION
Pagination ix, 513 p. :
Illustrations ill. ,
Size 23 cm.
504 ## - BIBLIOGRAPHY, ETC. NOTE
Bibliography, etc Includes bibliographical reference and index.
650 #0 - SUBJECT ADDED ENTRY--TOPICAL TERM
Topical term or geographic name as entry element Manpower policy -- India.
9 (RLIN) 8279
700 1# - ADDED ENTRY--PERSONAL NAME
Personal name Arya, P. P.
Personal name Tandon, B. B.
856 4# - ELECTRONIC LOCATION AND ACCESS
Materials specified WorldCat details.
Uniform Resource Identifier <a href="http://www.worldcat.org/title/human-resource-development/oclc/220889631&referer=brief_results">http://www.worldcat.org/title/human-resource-development/oclc/220889631&referer=brief_results</a>
942 ## - ADDED ENTRY ELEMENTS (KOHA)
Source of classification or shelving scheme Dewey Decimal Classification
Koha item type Books
Holdings
Lost status Source of classification or shelving scheme Damaged status Not for loan Collection code Permanent Location Current Location Shelving location Date acquired Source of acquisition Cost, normal purchase price Total Checkouts Full call number Date last seen Copy number Koha item type
  Dewey Decimal Classification     Non-fiction Central Library, University of Rajshahi Central Library, University of Rajshahi   07/12/2005 Paragon Enterprise 750.00   331.120420954 HUM 2004 12/12/2013 C-10 Books
  Dewey Decimal Classification     Non-fiction Central Library, University of Rajshahi Central Library, University of Rajshahi   07/12/2005 Paragon Enterprise 750.00   331.120420954 HUM 2004 12/12/2013 C-2 Books
  Dewey Decimal Classification     Non-fiction Central Library, University of Rajshahi Central Library, University of Rajshahi   07/12/2005 Paragon Enterprise 750.00   331.120420954 HUM 2004 12/12/2013 C-3 Books
  Dewey Decimal Classification   Not For Loan Non-fiction Central Library, University of Rajshahi Central Library, University of Rajshahi Reading Room 10/06/1999 Dhaka ankur Prakashoni 508.00   331.120420954 HUM 1998 15/12/2013 C-1 Books
  Dewey Decimal Classification     Non-fiction Central Library, University of Rajshahi Central Library, University of Rajshahi   10/08/2000 Dhaka ankur Prakashoni 583.00   331.120420954 HUM 1998 15/12/2013 C-5 Books
  Dewey Decimal Classification     Non-fiction Central Library, University of Rajshahi Central Library, University of Rajshahi   10/08/2000 Ankur Prokasoni Dhaka 583.00   331.120420954 HUM 1998 15/12/2013 C-4 Books
  Dewey Decimal Classification     Non-fiction Central Library, University of Rajshahi Central Library, University of Rajshahi Electronic Books 10/08/2000 Ankur Prokasoni 538.00   331.120420954 HUM 1998 01/08/2016 C-6 Books
  Dewey Decimal Classification     Non-fiction Central Library, University of Rajshahi Central Library, University of Rajshahi   10/08/2000 Zeitlinger 583.00   331.120420954 HUM 1998 08/11/2016 C-7 Books